书目信息 |
| 题名: |
挫折教育
|
|
| 作者: | 崔华芳 主编 | |
| 分册: | ||
| 出版信息: | 北京 中国时代经济出版社 2003.06 |
|
| 页数: | 345页 | |
| 开本: | 20cm | |
| 丛书名: | 非智力成长因素教育丛书 | |
| 单 册: | ||
| 中图分类: | B848.4 , B844.1 | |
| 科图分类: | ||
| 主题词: | 儿童心理学--er tong xin li xue--挫折--心理学 | |
| 电子资源: | ||
| ISBN: | 7-80169-407-4 | |
| 000 | 01028nam 2200277 450 | |
| 001 | 012008303477 | |
| 005 | 20080424184256.76 | |
| 010 | @a7-80169-407-4@dCNY23.00 | |
| 100 | @a20080424d2003 km y0chiy0120 ea | |
| 101 | 0 | @achi |
| 102 | @aCN@b110000 | |
| 105 | @ay z 000yy | |
| 106 | @ar | |
| 200 | 1 | @a挫折教育@Acuo zhe jiao yu@e让孩子在逆境中成长@f崔华芳主编@Fcui hua fang zhu bian |
| 210 | @a北京@c中国时代经济出版社@d2003.06 | |
| 215 | @a345页@d20cm | |
| 225 | 2 | @a非智力成长因素教育丛书@Afei zhi li cheng zhang yin su jiao yu cong shu |
| 330 | @a本书介绍了如何开发孩子的非智力因素,对孩子进行挫折教育。内容涉及提高孩子抗挫折能力,让孩子锻炼坚强的毅力等。 | |
| 410 | 0 | @12001 @a非智力成长因素教育丛书 |
| 517 | 1 | @a让孩子在逆境中成长@Arang hai zi zai ni jing zhong cheng zhang |
| 606 | 0 | @a儿童心理学@Aer tong xin li xue@x挫折@x心理学 |
| 690 | @aB848.4@v4 | |
| 690 | @aB844.1@v4 | |
| 701 | 0 | @a崔华芳@Acui hua fang@c(儿童教育)@4主编 |
| 801 | 0 | @aCN@bQSSK@c20080424 |
| 905 | @b20704685-87@dB844.1@eC969@f3 | |
| 挫折教育:让孩子在逆境中成长/崔华芳主编.-北京:中国时代经济出版社,2003.06 |
| 345页;20cm.-(非智力成长因素教育丛书) |
| ISBN 7-80169-407-4:CNY23.00 |
| 本书介绍了如何开发孩子的非智力因素,对孩子进行挫折教育。内容涉及提高孩子抗挫折能力,让孩子锻炼坚强的毅力等。 |
| ● |
| 相关链接 |
|
|
|
正题名:挫折教育
索取号:B844.1/C969
 
预约/预借
| 序号 | 登录号 | 条形码 | 馆藏地/架位号 | 状态 | 备注 |
| 1 | 704685 | 207046855 | 社科库509/509社科库 37排4列6层/ [索取号:B844.1/C969] | 在馆 | |
| 2 | 704686 | 207046864 | 社科库509/509社科库 37排4列6层/ [索取号:B844.1/C969] | 在馆 | |
| 3 | 704687 | 207046873 | 社科库509/509社科库 37排4列6层/ [索取号:B844.1/C969] | 在馆 |